| 000 | 01751cam a2200265 4500500 | ||
|---|---|---|---|
| 005 | 20260208005031.0 | ||
| 041 | _afre | ||
| 042 | _adc | ||
| 100 | 1 | 0 |
_aRemanofsky, Sabine _eauthor |
| 245 | 0 | 0 | _aThe Fear of Religious and Social Radicalism: The Princeton Critics' Reaction against Transcendentalism |
| 260 | _c2010. | ||
| 500 | _a44 | ||
| 520 | _aRésuméCet article se propose d’explorer un des aspects de la réaction des théologiens de Princeton contre le transcendantalisme. Pour les professeurs du séminaire de Princeton, le transcendantalisme était une double hérésie, à la fois religieuse et sociale, d’autant plus dangereuse qu’elle semblait légitimer et encourager beaucoup d’autres formes d’agitation sociale qui traversaient la société américaine à l’époque antebellum. | ||
| 520 | _aIn this article, the author looks at one aspect of the reaction of the Princeton theologians against Transcendentalism. She argues that, for the professors of Princeton Theological Seminary, Transcendentalism was both religiously and socially heretical, as well as potentially dangerous since it seemed to rationalize and to encourage much of the social agitation that characterized antebellum America. | ||
| 690 | _acontroverse transcendantaliste | ||
| 690 | _apanthéisme | ||
| 690 | _athéologiens de Princeton | ||
| 690 | _atranscendantalisme | ||
| 690 | _apantheism | ||
| 690 | _aPrinceton theologians | ||
| 690 | _atranscendentalism | ||
| 690 | _atranscendentalist controversy | ||
| 786 | 0 | _nRevue française d’études américaines | 124 | 2 | 2010-11-28 | p. 66-81 | 0397-7870 | |
| 856 | 4 | 1 | _uhttps://shs.cairn.info/revue-francaise-d-etudes-americaines-2010-2-page-66?lang=en&redirect-ssocas=7080 |
| 999 |
_c1650259 _d1650259 |
||